Loading...
| History - World | 0 | 3 | 0 | 0 | 30 | 15 | 41.00 | 1 | 3 | 18.31 | 20.00 |
| Literature - World | 0 | 2 | 0 | 0 | 20 | 94 | 103.50 | 0 | 2 | 2.48 | 10.00 |
| Social Science | 0 | 2 | 0 | 0 | 20 | 22 | 47.50 | 1 | 2 | 14.06 | 22.50 |
| Philosophy | 0 | 2 | 0 | 0 | 20 | 76 | 83.50 | 0 | 1 | 4.80 | 11.43 |
| Fine Arts - Painting and Sculpture | 0 | 2 | 0 | 0 | 20 | 98 | 106.00 | 0 | 0 | 0.00 | 4.00 |
| Literature - European | 0 | 2 | 1 | 0 | 15 | 46 | 56.00 | 1 | 2 | 10.21 | 16.00 |
| History - European | 0 | 3 | 3 | 0 | 15 | 63 | 72.67 | 0 | 2 | 5.35 | 9.47 |
| Science - Chemistry | 0 | 1 | 0 | 0 | 10 | 65 | 65.00 | 0 | 1 | 3.23 | 8.00 |
| Geography | 0 | 1 | 0 | 0 | 10 | 118 | 118.00 | 0 | 1 | 0.14 | 10.00 |
| Fine Arts - Classical Music | 0 | 1 | 0 | 0 | 10 | 116 | 116.00 | 0 | 0 | 0.17 | 2.00 |
| History - American | 0 | 1 | 0 | 0 | 10 | 75 | 75.00 | 0 | 1 | 31.82 | 80.00 |
| Science - Physics | 0 | 1 | 0 | 0 | 10 | 83 | 83.00 | 0 | 1 | 2.17 | 6.00 |
| Mythology | 0 | 1 | 0 | 0 | 10 | 75 | 75.00 | 0 | 1 | 3.48 | 6.00 |
| History - Other | 0 | 1 | 1 | 0 | 5 | 69 | 69.00 | 0 | 1 | 3.55 | 4.00 |
| Religion | 0 | 1 | 1 | 0 | 5 | 48 | 48.00 | 1 | 1 | 6.00 | 10.00 |
| Literature - American | 0 | 0 | 0 | 0 | 0 | 0.00 | 0 | 0 | 0.00 | 0.00 | |
| Science - Other | 0 | 0 | 1 | 0 | -5 | 0.00 | 0 | 0 | 0.00 | 0.00 | |
| Popular Culture | 0 | 0 | 2 | 0 | -10 | 0.00 | 0 | 0 | 0.00 | 0.00 | |
| Literature - British | 0 | 0 | 3 | 0 | -15 | 0.00 | 0 | 0 | 0.00 | 0.00 |